| 000 | 02520cam a2200385 a 4500 | ||
|---|---|---|---|
| 005 | 20100120085645.0 | ||
| 008 | 071101s2008 enk b 001 0 eng | ||
| 010 | _a 2008274758 | ||
| 015 |
_aGBA791037 _2bnb |
||
| 016 | 7 |
_a014276544 _2Uk |
|
| 020 | _a9781841137704 (hbk.) | ||
| 020 | _z1841137707 (hbk.) | ||
| 035 | _a(OCoLC)181069361 | ||
| 049 | _aY9#A | ||
| 050 | 0 | 0 |
_aKZ6530 _b.F67 2008 |
| 082 | 0 | 4 |
_a341.486 _222 |
| 084 |
_a86.81 _2bcl |
||
| 245 | 0 | 0 |
_aForced migration, human rights and security / _cedited by Jane McAdam. |
| 260 |
_aOxford : _bHart, _c2008. |
||
| 300 |
_axiv, 302 p. ; _c24 cm. |
||
| 440 | 0 |
_aStudies in international law ; _vv. 17 _918831 |
|
| 504 | _aIncludes bibliographical references and index. | ||
| 505 | 0 | 0 |
_tForced migration : refugees, rights and security / _rGuy S. Goodwin-Gill -- _tResolution 1373 : a call to pre-empt Asylum Seekers? (or 'Osama, the Asylum Seeker') / _rPenelope Mathew -- _tNational security and 'non-refoulment' in New Zealand : commentary on 'Zaoui v Attorney-General (No 2)' / _rRodger Haines Q. C. -- _tOffshore barriers to Asylum Seeker movement : the exercise of power without responsibility? / _rSavitri Taylor -- _tThe legal and ethical implications of extraterritorial processing of Asylum Seekers : the 'safe third country' concept / _rSusan Kneebone -- _tRe-thinking the paradigms of protection : children as convention refugees in Australia / _rMary Crock -- _tWearing thin : restrictions on Islamic headscarves and other religious symbols / _rBen Saul -- _tSubjectivity and refugee fact-finding / _rArthur Glass -- _tTowards convergence in the interpretation of the refugee convention : a proposal for the establishment of an international judicial commission for refugees / _rAnthony M. North and Joyce Chia -- _tThe refugee convention as a rights blueprint for persons in need of international protection / _rJane McAdam -- _tThe responsibility to protect : closing the gaps in the international protection regime / _rErika Feller. |
| 650 | 0 |
_aRefugees _xLegal status, laws, etc. _918832 |
|
| 650 | 0 |
_aForced migration. _918833 |
|
| 650 | 0 |
_aHuman rights. _918834 |
|
| 650 | 0 |
_aNational security. _918835 |
|
| 650 | 7 |
_aGedwongen migratie. _2gtt _918836 |
|
| 650 | 7 |
_aVluchtelingen. _2gtt _918837 |
|
| 650 | 7 |
_aMensenrechten. _2gtt _918838 |
|
| 650 | 7 |
_aNationale veiligheid. _2gtt _918839 |
|
| 700 | 1 |
_aMcAdam, Jane, _d1974- _918840 |
|
| 942 |
_2lcc _cBOOK |
||
| 999 |
_c469 _d469 |
||